الماثورات الشعبية فى100 عام / (رقم التسجيلة. 146869)

تفاصيل مارك
000 -LEADER
fixed length control field 01174cam a2200301 a 4500
003 - CONTROL NUMBER IDENTIFIER
control field EG-GiCUC
008 - FIXED-LENGTH DATA ELEMENTS--GENERAL INFORMATION
fixed length control field 170412s2002 ua a g 000 0 ara d
017 ## - COPYRIGHT OR LEGAL DEPOSIT NUMBER
Copyright or legal deposit number 17666 / 2002
Assigning agency مصر . دار الكتب
040 ## - CATALOGING SOURCE
Original cataloging agency EG-GiCUC
Language of cataloging ara
Transcribing agency EG-GiCUC
092 04 - LOCALLY ASSIGNED DEWEY CALL NUMBER (OCLC)
Classification number 398.2
Item number M9922 2001
Edition number 21
099 ## - LOCAL FREE-TEXT CALL NUMBER (OCLC)
Classification number 04
-- 398.2 M9922 2001
111 2# - MAIN ENTRY--MEETING NAME
Meeting name or jurisdiction name as entry element مؤتمر المأثورات الشعبية فى 100 عام
Date of meeting or treaty signing (2001 :
Location of meeting القاهرة)
245 12 - TITLE STATEMENT
Title الماثورات الشعبية فى100 عام /
Statement of responsibility, etc. اشراف جابر عصفور
250 ## - EDITION STATEMENT
Edition statement ط1
260 ## - PUBLICATION, DISTRIBUTION, ETC.
Place of publication, distribution, etc. القاهرة :
Name of publisher, distributor, etc. المجلس الاعلى للثقافة :
Date of publication, distribution, etc. 2002
300 ## - PHYSICAL DESCRIPTION
Extent 2 مج :
Other physical details ايض ؛
Dimensions 24سم
490 1# - SERIES STATEMENT
Series statement سلسلة ابحاث المؤتمرات ؛
Volume/sequential designation 10
650 #7 - SUBJECT ADDED ENTRY--TOPICAL TERM
Topical term or geographic name entry element الادب الشعبى
Source of heading or term qrmak
650 #7 - SUBJECT ADDED ENTRY--TOPICAL TERM
Topical term or geographic name entry element الامثال العامية
Source of heading or term qrmak
650 #7 - SUBJECT ADDED ENTRY--TOPICAL TERM
Topical term or geographic name entry element الفولكلور
Source of heading or term qrmak
700 1# - ADDED ENTRY--PERSONAL NAME
Personal name عصفور : جابر
830 #0 - SERIES ADDED ENTRY--UNIFORM TITLE
Uniform title سلسلة ابحاث المؤتمرات ؛
Volume/sequential designation 10
902 ## - LOCAL DATA ELEMENT B, LDB (RLIN)
No. of Items 1
905 ## - LOCAL DATA ELEMENT E, LDE (RLIN)
Cataloger ايمان
Reviser مراجع
905 ## - LOCAL DATA ELEMENT E, LDE (RLIN)
Cataloger رنا
Reviser مدخل
942 ## - ADDED ENTRY ELEMENTS (KOHA)
Source of classification or shelving scheme Dewey Decimal Classification
Koha item type Books
المقتنيات
Source of classification or shelving scheme Not for loan Home library Current library Date acquired Full call number Barcode Date last seen Copy number Koha item type
Dewey Decimal Classification   المكتبة المركزبة الجديدة - جامعة القاهرة قاعة الكتب - الدور الثاني 11.02.2024 398.2 M9922 2001 01000100153374001 23.09.2023 v.1 C.1 Books
Dewey Decimal Classification   المكتبة المركزبة الجديدة - جامعة القاهرة قاعة الكتب - الدور الثاني 11.02.2024 398.2 M9922 2001 01000100153374002 23.09.2023 v.2 C.1 Books
Cairo University Libraries Portal Implemented & Customized by: Eng. M. Mohamady Contacts: new-lib@cl.cu.edu.eg | cnul@cl.cu.edu.eg
CUCL logo CNUL logo
© All rights reserved — Cairo University Libraries
CUCL logo
Implemented & Customized by: Eng. M. Mohamady Contact: new-lib@cl.cu.edu.eg © All rights reserved — New Central Library
CNUL logo
Implemented & Customized by: Eng. M. Mohamady Contact: cnul@cl.cu.edu.eg © All rights reserved — Cairo National University Library